Caballo loco, Campeón del Mundo

Gespeichert in:
Bibliographische Detailangaben
1. Verfasser: Tamayo, Luis Alberto (VerfasserIn)
Format: Buch
Sprache:Spanisch
Veröffentlicht: Santiago Don Bosco 1998
Ausgabe:1a. ed
Schriftenreihe:Odisea
Schlagworte:
Tags: Tag hinzufügen
Keine Tags, Fügen Sie den ersten Tag hinzu!

MARC

LEADER 00000nam a2200000 a 4500
001 UCH8549
003 CL-VaPUC
008 091127e19980600CL |||||||||||||||||spa|d
020 |a 9561803755 
082 0 4 |a Ch863  |b TAM  |2 21 
100 0 |a Tamayo, Luis Alberto  |e author  |9 545135 
245 1 0 |a Caballo loco, Campeón del Mundo 
250 |a 1a. ed 
300 |a 61 p 
942 |c BK 
945 |d 20091127 00:00:00  |a lazolas 
260 |a Santiago  |b Don Bosco  |c 1998 
500 |a Primer premio concurso de narrativa juvenil 1995-1996 
650 0 |a Literatura chilena   |9 308278 
650 0 |a Novelas juveniles  |9 545094 
650 0 |a Novelas chilenas   |9 265425 
583 |a last modification  |c 20091127 00:00:00  |k Rodrigo Vera 
490 0 |a Odisea 
999 |c 338760  |d 338758